00541nam a2200169Ia 4500008004100000100002300041245005400064245002300118260005900141260000900200300001100209650001800220650001500238856002600253999001900279952007300298170221s9999 xx 000 0 und d aSvetlana Shumakova aCircus Art: An Aspect of Cross-Cultural Dialogue  cSvetlana Shumakova bOnline Journal of Communication and Media Technologies c2014 a34 : 5 xCommunication xMedia Arts uhttp://www.ojcmt.net/ c310789d310789 001040aCLbCLd2017-02-21l0r2017-02-21 00:00:00w2017-02-21yFOJ